000
00250 a2200097 4500
001
52275
100
_a
Fennema R
245
_a
Automotive Engine Repair and Rebuilding (Clumoon Manuals)
260
_a
New York
_b
Harper & Row
_c
090
_c
32917
_d
32917
942
_a
NUST-CAE
_c
M
_c
25466
999
_c
287348
_d
287348